| 000 | 00788nam a2200229 a 4500 | ||
|---|---|---|---|
| 001 | BRCA_6688 | ||
| 005 | 20190320205544.0 | ||
| 008 | 171011s1800----fr-a######---#000-0#fre-# | ||
| 041 | _afre | ||
| 044 | _afr | ||
| 050 | 4 |
_aPQ1807 _b.L46 1800 |
|
| 245 | 1 | 0 |
_aFables de la Fontaine _bavec de nouvelles remarques explicatives philologiques et littéraires et un choix de notes extraites de tous les commentateurs _cpar M. Felix Lemaistre |
| 260 |
_aParís _bGarnier _c[18--?] |
||
| 300 |
_axliv, 416 p. _bil. _c19 cm. |
||
| 500 | _aEdition ilustree de l´auter par L. S. Auger et de son eloge par Champfrot. | ||
| 500 | _aI71 | ||
| 650 | 1 | 4 |
_aFabulas francesas _916723 |
| 650 | 1 | 4 |
_aLiteratura francesa _916724 |
| 700 | 1 |
_aLemaistre, Felix _eed. _916725 |
|
| 902 | _aGFM | ||
| 942 |
_2lcc _cB |
||
| 999 |
_c6371 _d6371 |
||